Mastering DOS 6.0 & 6.2 (Record no. 5356)

MARC details
000 -LEADER
fixed length control field 00451nam a2200169Ia 4500
003 - CONTROL NUMBER IDENTIFIER
control field SGT
020 ## - INTERNATIONAL STANDARD BOOK NUMBER
International Standard Book Number 8170293138
082 ## - DEWEY DECIMAL CLASSIFICATION NUMBER
Classification number 5.4469
Item number ROB
100 ## - MAIN ENTRY--PERSONAL NAME
Personal name Robbins,Judd
245 ## - TITLE STATEMENT
Title Mastering DOS 6.0 & 6.2
250 ## - EDITION STATEMENT
Edition statement 2nd Ed.
260 ## - PUBLICATION, DISTRIBUTION, ETC. (IMPRINT)
Name of publisher, distributor, etc BPB Publications
Place of publication, distribution, etc New Delhi
Year of Publication 2005
300 ## - PAGE DESCRIPTION
No. of Pages 1018p.
650 ## - SUBJECT ADDED ENTRY--TOPICAL TERM
Topical term or geographic name as entry element COMPUTER ENGINEERING
653 ## - KEYWORDS--INDEX TERM
Keyword term GETTING STARTED,COMPUTER PROGRAMMING, PROGRAMS & DATA , DESIGNING POWER SHORTCUTS
942 ## - ADDED ENTRY ELEMENTS (KOHA)
Source of classification or shelving scheme Dewey Decimal Classification
Koha item type Books
Holdings
Withdrawn status Lost status Source of classification or shelving scheme Damaged status Not for loan Home library Current library Date acquired SGTU Full call number Accession No. (Barcode) Date last seen Bill Date Koha item type
    Dewey Decimal Classification     SGT Engineering Library SGT Engineering Library 16/10/2011 SGTU 5.4469 ROB FE4250 09/02/2015 09/02/2015 Gifted Books